Home Print Resources E-Books E-Journals IIMT Lecture Series Library Membership Form Book Recommendation Form Campus Tour Take AdmissionAbout Us Contact Us

Internet 101 (Record no. 16756)

000 -LEADER
fixed length control field 00386nam a2200169Ia 4500
003 - CONTROL NUMBER IDENTIFIER
control field OSt
005 - DATE AND TIME OF LATEST TRANSACTION
control field 20240312143204.0
008 - FIXED-LENGTH DATA ELEMENTS--GENERAL INFORMATION
fixed length control field 170619s9999 xx 000 0 und d
020 ## - INTERNATIONAL STANDARD BOOK NUMBER
International Standard Book Number 9788178084367
040 ## - CATALOGING SOURCE
Transcribing agency IIMT ENGINEERING COLLEGE
100 ## - MAIN ENTRY--PERSONAL NAME
Personal name Lehnert- Wendy G
245 #0 - TITLE STATEMENT
Title Internet 101
260 ## - PUBLICATION, DISTRIBUTION, ETC.
Name of publisher, distributor, etc. Singapore: TMH
260 ## - PUBLICATION, DISTRIBUTION, ETC.
Date of publication, distribution, etc. 2003
546 ## - LANGUAGE NOTE
Language note ENGLISH
942 ## - ADDED ENTRY ELEMENTS (KOHA)
Source of classification or shelving scheme
Koha item type Book Bank
Holdings
Withdrawn status Lost status Source of classification or shelving scheme Damaged status Not for loan Home library Current library Date acquired Source of acquisition Barcode Date last seen Uniform Resource Identifier Price effective from Koha item type Total Checkouts Total Renewals Date last checked out
          IIMT Engineering College-BTech IIMT Engineering College-BTech 01/14/2005 1 06-B-5135 07/03/2017 CS 07/03/2017 Book Bank      
          IIMT Engineering College-BTech IIMT Engineering College-BTech 01/14/2005 1 06-B-5144 07/03/2017 CS 07/03/2017 Text-Book- for 7 days      
          IIMT Engineering College-BTech IIMT Engineering College-BTech 01/14/2005 1 06-B-5145 07/03/2017 CS 07/03/2017 Text-Book- for 7 days      
          IIMT Engineering College-BTech IIMT Engineering College-BTech 01/24/2005 1 06-B-11662 05/27/2022 CS 07/03/2017 Text-Book- for 7 days 1 1 05/13/2022
          IIMT Engineering College-BTech IIMT Engineering College-BTech 01/24/2005 1 06-B-11663 07/03/2017 CS 07/03/2017 Text-Book- for 7 days      
          IIMT Engineering College-BTech IIMT Engineering College-BTech 01/24/2005 1 06-B-11664 07/03/2017 CS 07/03/2017 Text-Book- for 7 days      
          IIMT Engineering College-BTech IIMT Engineering College-BTech 01/24/2005 1 06-B-11665 07/03/2017 CS 07/03/2017 Text-Book- for 7 days      
          IIMT Engineering College-BTech IIMT Engineering College-BTech 01/24/2005 1 06-B-11666 07/03/2017 CS 07/03/2017 Text-Book- for 7 days      
          IIMT Engineering College-BTech IIMT Engineering College-BTech 01/24/2005 1 06-B-11667 07/03/2017 CS 07/03/2017 Text-Book- for 7 days      
          IIMT Engineering College-BTech IIMT Engineering College-BTech 01/24/2005 1 06-B-11668 07/03/2017 CS 07/03/2017 Text-Book- for 7 days      
          IIMT Engineering College-BTech IIMT Engineering College-BTech 01/24/2005 1 06-B-11669 07/03/2017 CS 07/03/2017 Text-Book- for 7 days      
IIMT, Central Library. All Rights Reserved IIMT,UNIVERSITY © 2023
Implemented and Customised by I CLOUDE EMS
You Are OPAC Visitor No
free web counter

Powered by Koha